000 00805nam a2200253 i 4500
001 57252
003 ES-MaACL
005 20230906163537.0
007 t|
008 031015s1985 fr ||||1| fre d
020 _a2-251-32614-6
100 1 _aDixsaut, Monique.
_944911
245 1 3 _aLe naturel philosophe
_b: essai sur le dialogues de Planton /
_cpar Monique Dixsaut.
260 _aParis :
_bLes Belles Lettres,
_c1985.
300 _a423 p. ;
_c24 cm.
490 1 _aCollection d'etudes anciennes
490 1 _aBibliothèque d'histoire de la philosophie
500 _aIndice.
504 _aBibliografía.
830 0 _aCollection d'etudes anciennes
_9181839
830 0 _aBibliothèque d'histoire de la philosophie
_9177275
852 _aES-MaACL
_jG-7882
_bR.113788
999 _c57252
_d57252